Ai Scrabble Words 8 and Under - Statistics

General Stats
  • This quiz has been taken 45 times
  • The average score is 27 of 97
Answer Stats
Answer % Correct
Ai
100%
Air
96%
Ail
93%
Aid
89%
Aim
89%
Ain
89%
Airplane
89%
Airy
86%
Aide
79%
Airport
79%
Ait
79%
Airt
75%
Aimer
64%
Airhead
61%
Airline
57%
Airman
54%
Aider
50%
Airn
50%
Aisle
50%
Airway
46%
Airbus
43%
Airborne
39%
Aircraft
39%
Airer
39%
Airliner
39%
Ailment
36%
Airlift
36%
Airless
32%
Airlock
32%
Aileron
29%
Airdrop
29%
Airfield
29%
Airlike
29%
Airship
29%
Airshow
29%
Aimless
25%
Aioli
25%
Airbag
25%
Airbase
25%
Airmail
25%
Aitch
25%
Airtight
21%
Airtime
21%
Airboat
18%
Airfare
18%
Airflow
18%
Airfoil
18%
Airily
18%
Airplay
18%
Airshot
18%
Airspace
18%
Airspeed
18%
Airstrip
18%
Airwoman
18%
Aidless
14%
Aimful
14%
Airball
14%
Airbrush
14%
Airhole
14%
Airpost
14%
Airside
14%
Airth
14%
Airwave
14%
Aiglet
11%
Aikido
11%
Airburst
11%
Airframe
11%
Airiness
11%
Airpark
11%
Airsick
11%
Airward
11%
Airwise
11%
Aidful
7%
Aircrew
7%
Airproof
7%
Airscrew
7%
Airshed
7%
Aiver
7%
Aiblins
4%
Aigret
4%
Aigrette
4%
Airbound
4%
Aircheck
4%
Airdrome
4%
Airglow
4%
Airpower
4%
Airscape
4%
Airtram
4%
Airvac
4%
Aisleway
4%
Aiyee
4%
Aidman
0%
Aiguille
0%
Ainsell
0%
Aircoach
0%
Airdate
0%
Airsome
0%
No matching quizzes found
Score Distribution
Percent of People with Each Score
Percentile by Number Answered
Your Score History
You have not taken this quiz